Loading...
| Literature - British | 2 | 1 | 0 | 0 | 40 | 63 | 94.00 | 2 | 3 | 0.00 | 0.00 |
| Fine Arts - Auditory | 0 | 2 | 0 | 1 | 20 | 92 | 125.50 | 2 | 2 | 0.00 | 0.00 |
| Science - Physics | 1 | 1 | 1 | 0 | 20 | 51 | 97.50 | 0 | 2 | 0.00 | 0.00 |
| Science - Other | 0 | 2 | 0 | 0 | 20 | 95 | 102.50 | 0 | 2 | 0.00 | 0.00 |
| Current Events | 1 | 0 | 0 | 0 | 15 | 61 | 61.00 | 0 | 1 | 0.00 | 0.00 |
| Literature - World | 1 | 0 | 0 | 0 | 15 | 68 | 68.00 | 1 | 1 | 0.00 | 0.00 |
| Religion | 1 | 0 | 0 | 0 | 15 | 38 | 38.00 | 1 | 1 | 0.00 | 0.00 |
| History - Ancient/Other | 0 | 1 | 0 | 0 | 10 | 106 | 106.00 | 1 | 1 | 0.00 | 0.00 |
| Philosophy | 0 | 1 | 0 | 1 | 10 | 123 | 123.00 | 0 | 1 | 0.00 | 0.00 |
| History - European | 1 | 0 | 1 | 0 | 10 | 39 | 39.00 | 1 | 1 | 0.00 | 0.00 |
| Geography | 1 | 0 | 2 | 0 | 5 | 38 | 38.00 | 1 | 1 | 0.00 | 0.00 |
| Science - Biology | 0 | 0 | 0 | 0 | 0 | 0.00 | 0 | 0 | 0.00 | 0.00 | |
| Social Science | 0 | 0 | 0 | 0 | 0 | 0.00 | 0 | 0 | 0.00 | 0.00 | |
| Science - Chemistry | 0 | 1 | 2 | 0 | 0 | 84 | 84.00 | 0 | 1 | 0.00 | 0.00 |
| History - American | 0 | 0 | 0 | 0 | 0 | 0.00 | 0 | 0 | 0.00 | 0.00 | |
| Literature - European | 0 | 0 | 1 | 0 | -5 | 0.00 | 0 | 0 | 0.00 | 0.00 |